Le Cantique spirituel de S. Jean de la Croix a-t-il été interpolé? (Record no. 237574)

000 -CABECERA
Campo de control de longitud fija 00379nam a22001337u 4500
008 - CÓDIGOS DE INFORMACIÓN DE LONGITUD FIJA
Campo de control de longitud fija 130405s1922 xxu||||| |||| 00| 0 fre d
041 ## - CÓDIGO DE LENGUA
Código de lengua del texto/banda sonora o título independiente fre
001 - NÚMERO DE CONTROL
Campo de control 9659 A
100 1# - PUNTO DE ACCESO PRINCIPAL-NOMBRE DE PERSONA
Nombre de persona Chevalier, Ph.
9 (RLIN) 19143
245 00 - MENCIÓN DE TÍTULO
Título Le Cantique spirituel de S. Jean de la Croix a-t-il été interpolé?
Mención de responsabilidad, etc. Ph. Chevalier
260 ## - PUBLICACIÓN, DISTRIBUCIÓN, ETC... (PIE DE IMPRENTA)
Lugar de publicación, distribución, etc. Bordeaux,
Fecha de publicación, distribución, etc. 1922
490 0# - MENCIÓN DE SERIE
Mención de serie Bulletin hispanique
Designación de volumen o secuencia 24
942 ## - ENTRADA DE ELEMENTOS AGREGADOS (KOHA)
Koha [por defecto] tipo de item Libros
Holdings
Suprimido Perdido Estropeado No para préstamo Localización permanente Localización actual Localización en estantería Fecha adquisición Préstamos totales Signatura completa Número de Registro / Código de Barras Fecha última consulta Fecha del precio de reemplazo Tipo de item de Koha
        San Esteban San Esteban Depósito de libros 21/05/2013   83/7 Sta Teresa y S. Juan de la Cruz 9659 A 21/05/2013 21/05/2013 Libros

Bibliotecas Dominicos Provincia Hispania, 2016

Con tecnología Koha